00273nam a2200121Ia 4500008004100000100001200041245002700053260002600080300000800106650001300114942000700127999001700134190216s9999||||xx |||||||||||||| ||und|| aKanakam 0aMalayalam-Jothsyayanam bPoorna Pubs Kozhikode a105 aKathakal cBK c27776d27776